Kempe’s engineers year-book for ... (Record no. 182831)
[ view plain ]
| 000 -LEADER | |
|---|---|
| fixed length control field | 02120 a2200181 4500 |
| 003 - CONTROL NUMBER IDENTIFIER | |
| control field | Nust |
| 005 - DATE AND TIME OF LATEST TRANSACTION | |
| control field | 20221020145214.0 |
| 008 - FIXED-LENGTH DATA ELEMENTS--GENERAL INFORMATION | |
| fixed length control field | 170511b xxu||||| |||| 00| 0 eng d |
| 020 ## - INTERNATIONAL STANDARD BOOK NUMBER | |
| International Standard Book Number | 0075-5400 |
| 040 ## - CATALOGING SOURCE | |
| Transcribing agency | Nust |
| 082 ## - DEWEY DECIMAL CLASSIFICATION NUMBER | |
| Classification number | 620.03,KEM |
| 245 ## - TITLE STATEMENT | |
| Title | Kempe’s engineers year-book for ... |
| Remainder of title | vol : 1 and 2 |
| Statement of responsibility, etc. | / Serial (Periodical, Newspaper, etc.) |
| 260 ## - PUBLICATION, DISTRIBUTION, ETC. | |
| Place of publication, distribution, etc. | London : |
| Name of publisher, distributor, etc. | Morgan-Grampian, |
| Date of publication, distribution, etc. | 1950-c2002. |
| 300 ## - PHYSICAL DESCRIPTION | |
| Extent | 1344:p |
| 505 ## - FORMATTED CONTENTS NOTE | |
| Formatted contents note | Volume One: Units of Measurement (Page-1), Mathematics (Page-19), Mechanics (Page-61), Heat Optics Etc (Page-75), Acoustics Vibration and Noise (Page-83), Electrical Engineering Fundamentals (Page-101), Thermodynamics (Page-115), Hydraulics (Page-123), Flow Metering and Mechanical Testing (Page-153), Theory of Structures (Page-195), Standard Dimensions (Page-225), Timber (Page-303) Plastic (Page-331), Machine Tools (Page-359) Welding and Cutting (Page-455) Soldering and Brazing (Page-491) Forging Hammers and Drop Forging Plant (Page-501), Foundry Practice (Page-593), Nonferrous Metals and Alloys (Page-607), Powder Metallurgy (Page-671), Wire Ropes (Page-679) Mechanical Handling (Page-751) Hydraulic Transmission of Power (Page-797), Liquid Pumps (Page-833) Water Engineering (Page-867), Navigable Waterways (Page-975), Volume Two: Electrical Engineering (Page-1), Electronic Engineering (Page-145), Aerodynamics (Page-159), Aircraft Propulsion (Page-187), Gas Turbines (Page-233), The Internal Combustion Engine (Page-2530Road Vehicles (Page-313) Fuels (Page-365), Atomic Power (Page-421), Gas Engineering (Page-433) Steam Engineering (Page-467), Steam Turbines (Page-525), Marine Engines (Page-575), Naval Architecture (Page-599), Mining Engineering (Page-617), Explosives (Page-699), Refrigeration and Cold Storage (Page-731), Lighting (Page-783), Factory Planning and Layout (Page-799), Fire Extinction and Prevention (Page-821), Surveying (Page-851), Earthwork (Page-919)Clays and Allied Products (Page-957), Building (Page-987), Sanitary Engineering (Page-1069), Design of Steel Structures (Page-1157). |
| 650 ## - SUBJECT ADDED ENTRY--TOPICAL TERM | |
| Topical term or geographic name entry element | engineers year-book |
| 9 (RLIN) | 566 |
| 942 ## - ADDED ENTRY ELEMENTS (KOHA) | |
| Source of classification or shelving scheme | |
| Koha item type | Book |
| Withdrawn status | Lost status | Source of classification or shelving scheme | Damaged status | Not for loan | Permanent Location | Current Location | Shelving location | Date acquired | Full call number | Barcode | Date last seen | Price effective from | Koha item type | Public note |
|---|---|---|---|---|---|---|---|---|---|---|---|---|---|---|
| Military College of Signals (MCS) | Military College of Signals (MCS) | General Stacks | 12/12/2016 | 620.03,KEM | MCS6542 | 12/08/2016 | 12/12/2016 | Book | Almirah No.27, Shelf No.2 |
